书目信息 |
| 题名: |
古诗文名句录
|
|
| 作者: | 刘城淮 著 | |
| 分册: | ||
| 出版信息: | 长沙 湖南人民出版社 1983.10 |
|
| 页数: | 604页 | |
| 开本: | 19cm | |
| 丛书名: | ||
| 单 册: | ||
| 中图分类: | I207.2 | |
| 科图分类: | ||
| 主题词: | 诗歌--文学研究--中国 , 韵文--文学研究--中国 | |
| 电子资源: | ||
| ISBN: | ||
| 000 | 00597nam0 2200217 45 | |
| 001 | 0312221749 | |
| 005 | 20050420085417.7 | |
| 010 | @dCNY1.60 | |
| 091 | @a10109.1642 | |
| 100 | @a20031222d1983 km y0chiy0120 ea | |
| 101 | @achi | |
| 105 | @a z 000yy | |
| 200 | 1 | @a古诗文名句录@AGu Shi Wen Ming Ju Lu@f刘城淮等著@FLiu Cheng Huai Deng Zhu |
| 210 | @a长沙@c湖南人民出版社@d1983.10 | |
| 215 | @a604页@d19cm | |
| 606 | 0 | @a诗歌@x文学研究@y中国 |
| 606 | 0 | @a韵文@x文学研究@y中国 |
| 690 | @aI207.2@v3 | |
| 701 | 0 | @a刘城淮@4著 |
| 801 | @aCN@bTSTCL@c20031222 | |
| 905 | @dI207.2@e143@b174803@f1 | |
| 古诗文名句录/刘城淮等著.-长沙:湖南人民出版社,1983.10 |
| 604页;19cm |
| ISBN :CNY1.60 |
| ● |
| 相关链接 |
|
|
|
|
正题名:古诗文名句录
索取号:I207.2/143
 
预约/预借
| 序号 | 登录号 | 条形码 | 馆藏地/架位号 | 状态 | 备注 |
| 1 | 0099064 | 002011806 | 第二借阅区/ [索取号:I207.2/143] | 在馆 | |
| 2 | 0099065 | 001835358 | 密集书库/ [索取号:I207.2/143] | 在馆 | |
| 3 | 0099067 | 000735743 | 第二借阅区/ [索取号:I207.2/143] | 在馆 | |
| 4 | 0099068 | 001835438 | 密集书库/ [索取号:I207.2/143] | 在馆 | |
| 5 | 0174802 | 001835394 | 密集书库/ [索取号:I207.2/143] | 在馆 | |
| 6 | 0174803 | 001983713 | 第二借阅区/ [索取号:I207.2/143] | 在馆 | |
| 7 | 0174804 | 000732407 | 第一样本阅览室/ [索取号:I207.2/143] | 在馆 |